<?xml version="1.0" encoding="UTF-8"?>
<collection xmlns="http://www.loc.gov/MARC21/slim">
 <record>
  <leader>00651pamaa2200181   4500</leader>
  <controlfield tag="001">0000042035</controlfield>
  <controlfield tag="005">20070531090000.0</controlfield>
  <controlfield tag="008">070531         my                  eng  </controlfield>
  <datafield tag="020" ind1="0" ind2="0">
   <subfield code="a">9789834228903 (pbk.) </subfield>
  </datafield>
  <datafield tag="090" ind1="0" ind2="0">
   <subfield code="a">JC599.M4 </subfield>
   <subfield code="b">MOH 2007</subfield>
  </datafield>
  <datafield tag="100" ind1="1" ind2="1">
   <subfield code="a">MOHAMAD EZAM MOHD NOR </subfield>
  </datafield>
  <datafield tag="245" ind1="1" ind2="0">
   <subfield code="a">Freedom of information in Malaysia  </subfield>
   <subfield code="c">Mohamed Ezam Mohd Nor and Fahda Nur Ahmad Kamar.</subfield>
  </datafield>
  <datafield tag="260" ind1="0" ind2="0">
   <subfield code="a">Petaling Jaya, Malaysia: </subfield>
   <subfield code="b">Gerakan Demokrasi and Anti Korupsi, </subfield>
   <subfield code="c">2007.</subfield>
  </datafield>
  <datafield tag="300" ind1=" " ind2=" ">
   <subfield code="a">15p: </subfield>
   <subfield code="b">ill; </subfield>
   <subfield code="c">21 cm.</subfield>
  </datafield>
  <datafield tag="440" ind1="0" ind2="0">
   <subfield code="a">Gerak Information series</subfield>
  </datafield>
  <datafield tag="650" ind1="0" ind2="0">
   <subfield code="a">[Freedom of Information -- </subfield>
   <subfield code="z">Malaysia </subfield>
  </datafield>
  <datafield tag="700" ind1="1" ind2="1">
   <subfield code="a">Fahda Nur Ahmad Kamar </subfield>
  </datafield>
  <datafield tag="901" ind1=" " ind2=" ">
   <subfield code="u">http://www.gerakmalaysia.org</subfield>
  </datafield>
 </record>
</collection>
